Kart- kurt sesleri: isyancı Bedirhan Bey'in yaramaz çocukları ve bir kardeşlik poetikası (Record no. 369)

000 -LEADER
fixed length control field 01043nmm a2200301 a 4500
001 - CONTROL NUMBER
control field ocm000588730
003 - CONTROL NUMBER IDENTIFIER
control field TR-IsHL
005 - DATE AND TIME OF LATEST TRANSACTION
control field 20201028115640.0
008 - FIXED-LENGTH DATA ELEMENTS--GENERAL INFORMATION
fixed length control field 130625s2005 tu tur
007 - PHYSICAL DESCRIPTION FIXED FIELD--GENERAL INFORMATION
fixed length control field cr cn
020 ## - INTERNATIONAL STANDARD BOOK NUMBER
International Standard Book Number 9789758204038
035 ## - SYSTEM CONTROL NUMBER
System control number 588730
-- (N$T)
050 04 - LIBRARY OF CONGRESS CALL NUMBER
Classification number DR435.K87
Item number Ç48 2005
090 04 - LOCALLY ASSIGNED LC-TYPE CALL NUMBER (OCLC); LOCAL CALL NUMBER (RLIN)
Classification number (OCLC) (R) ; Classification number, CALL (RLIN) (NR) DR435.K87
Local cutter number (OCLC) ; Book number/undivided call number, CALL (RLIN) Ç48 2005
100 1# - MAIN ENTRY--PERSONAL NAME
Personal name Çetin, Mahmut
245 10 - TITLE STATEMENT
Title Kart- kurt sesleri: isyancı Bedirhan Bey'in yaramaz çocukları ve bir kardeşlik poetikası
Medium [electronic resource] /
Statement of responsibility, etc. Mahmut Çetin
250 ## - EDITION STATEMENT
Edition statement 1. bs.
260 ## - PUBLICATION, DISTRIBUTION, ETC.
Place of publication, distribution, etc. İstanbul :
Name of publisher, distributor, etc. Biyografi Net İletişim ve Yayıncılık,
Date of publication, distribution, etc. 2005
300 ## - PHYSICAL DESCRIPTION
Extent 304 p.
650 #4 - SUBJECT ADDED ENTRY--TOPICAL TERM
Topical term or geographic name entry element Tarih
650 #4 - SUBJECT ADDED ENTRY--TOPICAL TERM
Topical term or geographic name entry element History
650 #0 - SUBJECT ADDED ENTRY--TOPICAL TERM
Topical term or geographic name entry element Kürtler
General subdivision Türkiye
-- Biyografi
650 #0 - SUBJECT ADDED ENTRY--TOPICAL TERM
Topical term or geographic name entry element Kurds
General subdivision Turkey
-- Biography
650 #0 - SUBJECT ADDED ENTRY--TOPICAL TERM
Topical term or geographic name entry element Türkiye
General subdivision Etnik ilişkiler
650 #0 - SUBJECT ADDED ENTRY--TOPICAL TERM
Topical term or geographic name entry element Turkey
General subdivision Ethnic relations
650 #7 - SUBJECT ADDED ENTRY--TOPICAL TERM
Topical term or geographic name entry element POLITICAL SCIENCE / World / Middle Eastern
Source of heading or term bisacsh
856 40 - ELECTRONIC LOCATION AND ACCESS
Uniform Resource Identifier <a href="http://search.ebscohost.com/login.aspx?direct=true&scope=site&db=e011xww&AN=588730">http://search.ebscohost.com/login.aspx?direct=true&scope=site&db=e011xww&AN=588730</a>
Holdings
Withdrawn status Lost status Source of classification or shelving scheme Damaged status Not for loan Collection code Permanent Location Current Location Date acquired Total Checkouts Full call number Barcode Date last seen Price effective from Koha item type
        Online   Kıbrıs Amerikan Üniversitesi Kütüphanesi / American University of Cyprus Kıbrıs Amerikan Üniversitesi Kütüphanesi / American University of Cyprus 28.10.2020   DR435.K87 Ç48 2005 588730 28.10.2020 28.10.2020 E-Kitap
Devinim Yazılım Eğitim Danışmanlık tarafından Koha'nın orjinal sürümü uyarlanarak geliştirilip kurulmuştur.